The Beatles White Album Songs by Lyric - Statistics

General Stats
  • This quiz has been taken 363 times
  • The average score is 15 of 30
Answer Stats
Hint Answer % Correct
Number nine Revolution 9
85%
The Walrus was Paul Glass Onion
71%
No one will be watching us Why Don't We Do It in the Road?
66%
Let me hear your balalaikas ringing out Back in the U.S.S.R.
65%
You made a fool of everyone Sexy Sadie
64%
All your life Blackbird
60%
We must surely be learning While My Guitar Gently Weeps
57%
If looks could kill it would
have been us instead of him
The Continuing Story of Bungalow Bill
54%
Want to die Yer Blues
53%
I'm in love but I'm lazy Honey Pie
52%
You know i love you still I Will
52%
I'd give you everything I've got
For a little peace of mind
I'm So Tired
51%
Daniel was hot Rocky Raccoon
51%
You know that what you eat you are Savoy Truffle
51%
I love ya (honey pie) Wild Honey Pie
50%
Won't you open up your eyes? Dear Prudence
49%
She's old enough to know better Cry Baby Cry
47%
When I cannot sing my heart
I can only speak my mind
Julia
46%
Chairman Mao Revolution 1
46%
I would like you to dance Birthday
44%
Hobnail Boots Happiness Is a Warm Gun
43%
Look out, 'cause here she comes Helter Skelter
43%
You were in a car crash,
and you lost your hair
Don't Pass Me By
42%
The deeper you go, the higher you fly Everybody's Got Something to Hide
Except Me and My Monkey
41%
Find me in my field of grass Mother Nature's Son
39%
In their eyes there's something lacking Piggies
39%
See what you've done Martha My Dear
38%
So many tears I was searching Long, Long, Long
37%
Girl, I like your face Ob-La-Di Ob-La-Da
35%
Close your eyes and I'll close mine Good Night
34%
No matching quizzes found
Score Distribution
Percent of People with Each Score
Percentile by Number Answered
Your Score History
You have not taken this quiz